| 000 | 00498ntaaa2200193 4500 | ||
|---|---|---|---|
| 003 | 01 | ||
| 005 | 20251027202255.0 | ||
| 008 | 0714s1973 ag 01 | ||
| 040 |
_aAR-BaBN _bspa _cAR-BaBN _eaacr _dRIC |
||
| 082 | _a270.3000 D32 | ||
| 100 |
_aDawson, Christopher _98739 |
||
| 245 | _aMedieval essays | ||
| 250 | _a1 ed. | ||
| 260 |
_aGarden City, N.Y. : _bDoubleday Co, _cc1959 |
||
| 300 | _a240 p | ||
| 650 |
_aedad media _95712 |
||
| 650 |
_ahistoria eclesiƔstica-edad media _97988 |
||
| 942 | _cBK | ||
| 999 |
_c17535 _d17535 |
||